000 01530cam a22003734a 4500
999 _c8059
_d8059
001 14405927
003 GZU
005 20210517092120.0
008 060608r20062003ne a 001 0 eng
010 _a 2006018767
015 _2bnb
_aGBA660511
016 7 _a013507464
_2Uk
020 _a0240808452 (pbk. : alk. paper)
020 _a9780240808451 (pbk. : alk. paper)
035 _a(OCoLC)ocm70062995
035 _a(OCoLC)70062995
_z(OCoLC)70401534
_z(OCoLC)85168546
040 _aDLC
_cDLC
_dBAKER
_dUKM
_dC#P
_dYDXCP
_dOCLCQ
_dBTCTA
_dDLC
050 0 0 _aNC765
_b.M377 2006
082 0 0 _a741.01/8
_222
100 1 _aMattesi, Michael D.
245 1 0 _aForce :
_bdynamic life drawing for animators /
_cMichael D. Mattesi.
260 _aAmsterdam ;
_aBoston :
_bFocal Press,
_cc2006.
300 _axvi, 228 p. :
_bill. ;
_c28 cm.
500 _aPreviously published as Force : the key to capturing life through drawing. New York: IUniverse, 2003.
500 _aIncludes index.
504 _aIncludes bibliographical references and index.
650 0 _aFigure drawing
_xTechnique.
650 0 _aForce and energy
_xMiscellanea.
856 4 1 _3Table of contents only
_uhttp://www.loc.gov/catdir/toc/ecip0615/2006018767.html
856 4 2 _3Publisher description
_uhttp://www.loc.gov/catdir/enhancements/fy0661/2006018767-d.html
906 _a7
_bcbc
_corignew
_d1
_eecip
_f20
_gy-gencatlg
942 _2lcc
_cBK
_h765
_iMAT
_kNC
_m2006